| 000 | 00790nam a22002177a 4500 | ||
|---|---|---|---|
| 999 |
_c1593 _d1593 |
||
| 003 | AR-CdUCM | ||
| 008 | 190227b ||||| |||| 00| 0 spa d | ||
| 040 |
_aMUNICIPALIDAD PROVINCIAL DEL CUSCO _cBIBLIOTECA MUNICIPAL DEL CUSCO |
||
| 082 |
_a869.56 / _bQ73 |
||
| 100 |
_aQuiroz Malca, Demetrio _95981 |
||
| 245 | _aDel mundo en que vivimos / | ||
| 260 |
_aLima : _bVideo Impres, _c1990. |
||
| 300 |
_a119 páginas ; _c20 cm. |
||
| 500 | _aObra auspiciada por el CONCYTEC. | ||
| 505 | _aContedino : Llevó el mundo / en cada paso -- Vivo el mundo / en todo beso -- Dejo el mundo / paso a paso -- Más el mundo / es mi embeleso. | ||
| 650 |
_aLiteratura peruana _9169 |
||
| 650 |
_aPoesías peruanas _91481 |
||
| 650 |
_aPoesías siglo XX _93861 |
||
| 942 |
_2ddc _cLIBROS |
||
| 945 | _azta | ||